Az olvasás és írás tanításának új módszere

Elmentve itt :
Bibliográfiai részletek
Szerző: Alszeghy Alajos
Dokumentumtípus: Cikk
Megjelent: 1903
Sorozat:Magyar pedagógia : a Magyar Tudományos Akadémia Pedagógiai Bizottságának folyóirata 12
Kulcsszavak:Tomcsányiné Czukrász Róza, Olvasás tanítása általános iskola módszer 1903, Olvasás és írás tanítása, Fonomimika
Online Access:http://misc.bibl.u-szeged.hu/7884
LEADER 00773nab a2200181 i 4500
001 misc7884
005 20191106144024.0
008 170607s1903 hu o 0|| hun d
022 |a 0025-0260 
040 |a SZTE Miscellanea Repozitórium  |b hun 
041 |a hun 
100 1 |a Alszeghy Alajos 
245 1 3 |a Az olvasás és írás tanításának új módszere  |h [elektronikus dokumentum] /  |c  Alszeghy Alajos 
260 |c 1903 
300 |a 302-313 
490 0 |a Magyar pedagógia : a Magyar Tudományos Akadémia Pedagógiai Bizottságának folyóirata  |v 12 
695 |a Tomcsányiné Czukrász Róza, Olvasás tanítása általános iskola módszer 1903, Olvasás és írás tanítása, Fonomimika 
856 4 0 |u http://misc.bibl.u-szeged.hu/7884/1/mp_1903_0883_302-313.pdf  |z Dokumentum-elérés